| 000 | 00420nam a2200169Ia 4500 | ||
|---|---|---|---|
| 008 | 260330s2008 xx 000 0 und d | ||
| 020 | _a978-1-84-604124-2 | ||
| 041 | _aeng | ||
| 082 |
_a150 _bFRV |
||
| 100 | _aFRANKL, VIKTORE | ||
| 245 | _aMANS SEARCH FOR MEANING | ||
| 260 |
_aPune _bPENGUIN BOOKS LTD. PUNE _c2008 |
||
| 300 |
_a154pg _bPB |
||
| 365 | _cRs. | ||
| 650 | _aPsychology | ||
| 700 | _aFRANKL, VIKTORE | ||
| 999 |
_c1218185 _d1218185 |
||